[Event "Titled Tuesday intern op 27th Feb Late"]
[Site "Chess.com INT"]
[Date "2024.02.27"]
[Round "1"]
[White "Banusz, Tamas"]
[Black "Breuil, Tristan"]
[Result "1-0"]
[WhiteElo "2621"]
[BlackElo "2305"]
[PlyCount "67"]
[EventDate "2024.02.27"]
[EventType "swiss (blitz)"]
[EventRounds "11"]
[EventCountry "USA"]
[SourceTitle "CB10_2024"]
[SourceDate "2024.03.06"]
[SourceVersion "1"]
[SourceVersionDate "2024.03.06"]
[SourceQuality "1"]

1. Nf3 Nf6 2. g3 d5 3. Bg2 c6 4. 0-0 Bg4 5. h3 Bh5 6. c4 e6 7. Qb3 b6 8. d4 Bd6 9. Nc3 0-0 10. Re1 Nbd7 11. e4 dxe4 12. Nxe4 Nxe4 13. Rxe4 Nf6 14. Re1 Rc8 15. Ne5 c5 16. d5 exd5 17. cxd5 Qc7 18. Nc6 Rfe8 19. Bg5 Nd7 20. Ne7+ Kh8 21. Nxc8 Rxc8 22. Qa4 Ne5 23. Bf4 h6 24. Re3 f6 25. Rae1 Be8 26. Qc2 Bg6 27. Be4 Bxe4 28. Qxe4 Re8 29. Kg2 b5 30. Qf5 Rd8 31. Bxe5 Bxe5 32. f4 Qd6 33. fxe5 Qxd5+ 34. Qf3 1-0

[Event "Titled Tuesday intern op 13th Feb Early"]
[Site "Chess.com INT"]
[Date "2024.02.13"]
[Round "1"]
[White "Hajiyev, Kanan"]
[Black "Banusz, Tamas"]
[Result "0-1"]
[WhiteElo "2081"]
[BlackElo "2621"]
[PlyCount "92"]
[EventDate "2024.02.13"]
[EventType "swiss (blitz)"]
[EventRounds "11"]
[EventCountry "USA"]
[SourceTitle "CB08_2024"]
[SourceDate "2024.02.21"]
[SourceVersion "1"]
[SourceVersionDate "2024.02.21"]
[SourceQuality "1"]

1. d4 d5 2. c4 c6 3. cxd5 cxd5 4. Nc3 Nf6 5. Nf3 Nc6 6. Bg5 Ne4 7. Bf4 Nxc3 8. bxc3 e6 9. e3 Bd6 10. Bd3 0-0 11. 0-0 Bxf4 12. exf4 Bd7 13. Qc2 g6 14. Rab1 b6 15. h4 Rc8 16. h5 Kg7 17. g4 e5 18. h6+ Kg8 19. dxe5 Bxg4 20. Ng5 Nxe5 21. Rbe1 Nf3+ 22. Kg2 Nxg5 23. fxg5 Qxg5 24. Qc1 Qh5 25. Qe3 Rxc3 26. Rh1 Bf3+ 27. Qxf3 Qxf3+ 28. Kxf3 Rxd3+ 29. Kf4 Ra3 30. Re2 d4 31. Rhe1 d3 32. Rd2 Rd8 33. Re7 Kf8 34. Rc7 Ra5 35. Ke4 Rh5 36. Rxa7 Rxh6 37. Rb7 Rh4+ 38. f4 Re8+ 39. Kf3 Rh3+ 40. Kg4 Ree3 41. Rxb6 Kg7 42. f5 h5+ 43. Kf4 Rhf3+ 44. Kg5 Rxf5+ 45. Kh4 Rf4+ 46. Kg5 Rg4# 0-1

[Event "Chessable Masters Play In"]
[Site "Chess.com INT"]
[Date "2024.01.31"]
[Round "4"]
[White "Banusz, Tamas"]
[Black "Mikaelyan, Arman"]
[Result "1-0"]
[WhiteElo "2621"]
[BlackElo "2519"]
[PlyCount "89"]
[EventDate "2024.01.31"]
[EventType "swiss (rapid)"]
[EventRounds "9"]
[EventCountry "USA"]
[SourceTitle "CB06_2024"]
[SourceDate "2024.02.07"]
[SourceVersion "1"]
[SourceVersionDate "2024.02.07"]
[SourceQuality "1"]

1. Nf3 Nf6 2. c4 g6 3. d4 Bg7 4. g3 0-0 5. Bg2 d6 6. Nc3 Nbd7 7. 0-0 e5 8. e4 exd4 9. Nxd4 Re8 10. h3 Nc5 11. Re1 Bd7 12. Kh2 a5 13. Rb1 h5 14. f3 h4 15. g4 Nh7 16. Be3 g5 17. Qd2 Be5+ 18. Kh1 c6 19. Nf5 Bxf5 20. exf5 Qf6 21. Re2 Re7 22. Rbe1 Rae8 23. Nd1 Bg3 24. Nf2 Qe5 25. Bf1 Qf6 26. b3 Be5 27. Bxc5 dxc5 28. Ne4 Qg7 29. Qxa5 Bd4 30. Nxc5 Rxe2 31. Rxe2 Rxe2 32. Bxe2 Qe5 33. Qd8+ Kg7 34. Ne4 Be3 35. Kg2 Qb2 36. Qd3 Qc1 37. Qc3+ Qxc3 38. Nxc3 Kf6 39. Ne4+ Ke5 40. c5 f6 41. b4 Nf8 42. a4 Nd7 43. a5 Kd4 44. Nd6 Bd2 45. Nxb7 1-0

[Event "Titled Tuesday intern op 16th Jan Early"]
[Site "Chess.com INT"]
[Date "2024.01.16"]
[Round "11"]
[White "Banusz, Tamas"]
[Black "Bao, Qilin"]
[Result "0-1"]
[WhiteElo "2621"]
[BlackElo "2419"]
[PlyCount "60"]
[EventDate "2024.01.16"]
[EventType "swiss (blitz)"]
[EventRounds "11"]
[EventCountry "USA"]
[SourceTitle "CB04_2024"]
[SourceDate "2023.10.16"]
[SourceVersion "1"]
[SourceVersionDate "2023.10.16"]
[SourceQuality "1"]

1. Nf3 Nf6 2. g3 b6 3. Bg2 Bb7 4. 0-0 g6 5. d4 Bg7 6. c4 e6 7. Nc3 Ne4 8. Nxe4 Bxe4 9. Bg5 Qc8 10. Qd2 0-0 11. Bh6 d6 12. Qf4 f5 13. Qh4 Bf6 14. Bg5 Nd7 15. c5 Qb7 16. cxd6 cxd6 17. Rac1 Rae8 18. Rc3 Re7 19. Rfc1 Bxg5 20. Qxg5 Nf6 21. Nh4 Bxg2 22. Nxg2 Ne4 23. Qf4 Nxc3 24. Rxc3 e5 25. dxe5 dxe5 26. Qc4+ Rff7 27. Rd3 Rc7 28. Rd8+ Kg7 29. Qb4 Rc1+ 30. Ne1 Qe7 0-1

[Event "Titled Tuesday intern op 16th Jan Early"]
[Site "Chess.com INT"]
[Date "2024.01.16"]
[Round "4"]
[White "Banusz, Tamas"]
[Black "Cuenca Jimenez, Jose Fernando"]
[Result "1-0"]
[WhiteElo "2621"]
[BlackElo "2514"]
[PlyCount "69"]
[EventDate "2024.01.16"]
[EventType "swiss (blitz)"]
[EventRounds "11"]
[EventCountry "USA"]
[SourceTitle "CB04_2024"]
[SourceDate "2023.10.16"]
[SourceVersion "1"]
[SourceVersionDate "2023.10.16"]
[SourceQuality "1"]

1. Nf3 d5 2. g3 Nf6 3. Bg2 c5 4. 0-0 e6 5. d4 cxd4 6. Nxd4 e5 7. Nb3 Be6 8. c4 Nc6 9. cxd5 Bxd5 10. Nc3 Bxg2 11. Kxg2 Bb4 12. Qxd8+ Rxd8 13. Bg5 Bxc3 14. Bxf6 gxf6 15. bxc3 Ke7 16. a4 Rc8 17. Rfb1 Rc7 18. a5 Rhc8 19. Ra4 Nd8 20. Rh4 Rxc3 21. Rxh7 R8c4 22. Nd2 Ra4 23. Nf3 Rxa5 24. Nh4 Ke6 25. g4 Ra2 26. Nf5 Rc7 27. Rh8 Nc6 28. e3 Rd2 29. Rh6 a5 30. Ng7+ Ke7 31. Nh5 Rd6 32. Ng3 Re6 33. Nf5+ Kd7 34. Rd1+ Kc8 35. Rh8+ 1-0

[Event "Titled Tuesday intern op 16th Jan Early"]
[Site "Chess.com INT"]
[Date "2024.01.16"]
[Round "2"]
[White "Banusz, Tamas"]
[Black "Pinero Rodriguez, Carlos Jose"]
[Result "1-0"]
[WhiteElo "2621"]
[BlackElo "2242"]
[PlyCount "103"]
[EventDate "2024.01.16"]
[EventType "swiss (blitz)"]
[EventRounds "11"]
[EventCountry "USA"]
[SourceTitle "CB04_2024"]
[SourceDate "2023.10.16"]
[SourceVersion "1"]
[SourceVersionDate "2023.10.16"]
[SourceQuality "1"]

1. Nf3 Nf6 2. g3 d5 3. Bg2 c6 4. 0-0 h6 5. d3 Bf5 6. c4 e6 7. Qb3 Qb6 8. cxd5 cxd5 9. Qxb6 axb6 10. Nc3 Nc6 11. Nb5 Rc8 12. Bf4 Bc5 13. Nd6+ Bxd6 14. Bxd6 Kd7 15. Ba3 Bg4 16. e3 Bxf3 17. Bxf3 Rc7 18. Be2 Rhc8 19. d4 Ne4 20. f3 Nd6 21. Rfd1 Na5 22. b3 Rc2 23. Bd3 R2c3 24. Bb4 R3c7 25. Be1 Nc6 26. Kf2 Ne7 27. e4 Nc6 28. e5 Nf5 29. Bxf5 exf5 30. Ke3 Ke6 31. Kd3 Ne7 32. Bd2 Rc2 33. Rdc1 Rxc1 34. Bxc1 g5 35. Bd2 Nc6 36. Rh1 Rh8 37. h4 g4 38. fxg4 fxg4 39. Rf1 h5 40. Rf6+ Ke7 41. Bg5 Ke8 42. Rd6 Rg8 43. Kc3 Rxg5 44. hxg5 h4 45. g6 hxg3 46. gxf7+ Kxf7 47. Rf6+ Kg7 48. Rf4 Kg6 49. Rxg4+ Kf5 50. Rxg3 Ke4 51. e6 Nxd4 52. Rg4+ 1-0

[Event "Titled Tuesday intern op 16th Jan Early"]
[Site "Chess.com INT"]
[Date "2024.01.16"]
[Round "9"]
[White "Banusz, Tamas"]
[Black "Seo, Jung Min"]
[Result "1/2-1/2"]
[WhiteElo "2621"]
[BlackElo "2481"]
[PlyCount "143"]
[EventDate "2024.01.16"]
[EventType "swiss (blitz)"]
[EventRounds "11"]
[EventCountry "USA"]
[SourceTitle "CB04_2024"]
[SourceDate "2023.10.16"]
[SourceVersion "1"]
[SourceVersionDate "2023.10.16"]
[SourceQuality "1"]

1. Nf3 d5 2. g3 Nc6 3. d4 Bf5 4. Bg2 Nb4 5. Na3 e6 6. 0-0 Nc6 7. Nb1 Nb4 8. Ne1 Nf6 9. c3 Nc6 10. Bg5 Be7 11. Nd2 0-0 12. Bxf6 Bxf6 13. e4 dxe4 14. Nxe4 Be7 15. Nd3 Rb8 16. Qe2 Bd6 17. Rad1 Ne7 18. h4 c6 19. Rfe1 Nd5 20. Ne5 h6 21. c4 Nf6 22. Nxf6+ gxf6 23. Ng4 Kg7 24. Ne3 Bg6 25. d5 cxd5 26. cxd5 Qe7 27. dxe6 fxe6 28. Nc4 Bb4 29. Qxe6 Qxe6 30. Rxe6 Rfd8 31. Rxd8 Rxd8 32. Bxb7 Rd1+ 33. Kg2 Bf7 34. Re4 Rd7 35. Ba8 Bc5 36. b4 Bxb4 37. Ne5 fxe5 38. Rxb4 Bxa2 39. Be4 Bf7 40. Kf3 a5 41. Rb5 Ra7 42. Bd5 Bxd5+ 43. Rxd5 Kf6 44. Ke4 a4 45. Rd6+ Kg7 46. Kxe5 a3 47. Rd1 a2 48. Ra1 Ra3 49. Kd4 Kg6 50. Kc4 Kf5 51. Kb4 Ra8 52. Kb3 Rb8+ 53. Kxa2 Kg4 54. Rb1 Ra8+ 55. Kb3 Kf3 56. Rb2 h5 57. Kc3 Rd8 58. Rd2 Rxd2 59. Kxd2 Kxf2 60. Kd1 Kxg3 61. Ke2 Kxh4 62. Kf1 Kg5 63. Kg1 Kf6 64. Kh1 Ke7 65. Kg1 Kd8 66. Kh1 Kc7 67. Kg1 Kb8 68. Kh1 Ka7 69. Kh2 Kb6 70. Kh3 Ka7 71. Kh4 Kb8 72. Kxh5 1/2-1/2

[Event "Titled Tuesday intern op 16th Jan Early"]
[Site "Chess.com INT"]
[Date "2024.01.16"]
[Round "8"]
[White "Demchenko, Anton"]
[Black "Banusz, Tamas"]
[Result "1-0"]
[WhiteElo "2609"]
[BlackElo "2621"]
[PlyCount "55"]
[EventDate "2024.01.16"]
[EventType "swiss (blitz)"]
[EventRounds "11"]
[EventCountry "USA"]
[SourceTitle "CB04_2024"]
[SourceDate "2023.10.16"]
[SourceVersion "1"]
[SourceVersionDate "2023.10.16"]
[SourceQuality "1"]

1. e4 e5 2. Nf3 d6 3. d4 exd4 4. Qxd4 Nc6 5. Bb5 Nge7 6. Qd3 a6 7. Ba4 Bd7 8. Nc3 Ne5 9. Nxe5 dxe5 10. Bb3 Ng6 11. h4 Be6 12. Bxe6 fxe6 13. Qc4 Qd7 14. Be3 b5 15. Qe2 Bb4 16. h5 Bxc3+ 17. bxc3 Ne7 18. h6 g6 19. a4 0-0 20. 0-0 Qc6 21. axb5 axb5 22. Qg4 Qc4 23. Rxa8 Rxa8 24. Rd1 Qc6 25. Qg5 Kf7 26. Qxe5 Rg8 27. Bg5 Ke8 28. Qf6 1-0

[Event "HUN-chT 2324"]
[Site "Hungary"]
[Date "2023.12.10"]
[Round "3.3"]
[White "Banusz, Tamas"]
[Black "Berkes, Ferenc"]
[Result "1/2-1/2"]
[WhiteElo "2600"]
[BlackElo "2617"]
[PlyCount "62"]
[EventDate "2023.10.28"]
[EventType "team-tourn"]
[EventRounds "9"]
[EventCountry "HUN"]
[SourceTitle "CB16_2024"]
[SourceDate "2024.04.17"]
[SourceVersion "1"]
[SourceVersionDate "2024.04.17"]
[SourceQuality "1"]
[WhiteTeam "Ajka Sentimento"]
[BlackTeam "Paks"]
[WhiteTeamCountry "HUN"]
[BlackTeamCountry "HUN"]

1. c4 e6 2. Nf3 d5 3. d4 Nf6 4. Nc3 Be7 5. Bf4 0-0 6. e3 b6 7. cxd5 Nxd5 8. Nxd5 Qxd5 9. a3 Bd6 10. Bxd6 cxd6 11. Bd3 Ba6 12. 0-0 Bxd3 13. Qxd3 Nd7 14. Rac1 Ne5 15. Nxe5 dxe5 16. Rc4 Rac8 17. Rfc1 Rxc4 18. Qxc4 Qxc4 19. Rxc4 Rd8 20. Rc7 exd4 21. exd4 a5 22. Rb7 h5 23. Rxb6 Rxd4 24. g3 g6 25. h4 Kg7 26. Rb5 a4 27. b3 Kf6 28. Kg2 e5 29. bxa4 Rxa4 30. Rb3 Kf5 31. Rf3+ Ke6 1/2-1/2

[Event "EU-Cup 38th"]
[Site "Durres"]
[Date "2023.10.04"]
[Round "4.3"]
[White "Tari, Aryan"]
[Black "Banusz, Tamas"]
[Result "1/2-1/2"]
[WhiteElo "2619"]
[BlackElo "2600"]
[PlyCount "63"]
[EventDate "2023.10.01"]
[EventType "team-swiss"]
[EventRounds "7"]
[EventCountry "ALB"]
[SourceTitle "EXT 2024"]
[Source "ChessBase"]
[SourceDate "2023.10.10"]
[SourceVersion "1"]
[SourceVersionDate "2023.10.10"]
[SourceQuality "1"]
[WhiteTeam "Offerspill"]
[BlackTeam "Ajka Sentimento"]
[WhiteTeamCountry "NOR"]
[BlackTeamCountry "HUN"]

1. e4 e5 2. Nf3 Nf6 3. Nxe5 d6 4. Nf3 Nxe4 5. d4 d5 6. Bd3 Bf5 7. 0-0 Be7 8. Re1 0-0 9. Nbd2 Nd6 10. Nf1 c6 11. Bxf5 Nxf5 12. Qd3 Nd6 13. Bf4 Na6 14. Ne3 Nc7 15. g3 Ne6 16. Bxd6 Bxd6 17. h4 Re8 18. Kg2 h5 19. a4 g6 20. Re2 Qd7 21. Rae1 Rad8 22. b3 a6 23. Qd2 Bc7 24. a5 Bd6 25. b4 Re7 26. Kg1 Rde8 27. Ng2 Ng7 28. c3 Rxe2 29. Rxe2 Rxe2 30. Qxe2 Ne8 31. Ne5 Qe7 32. Nf4 1/2-1/2

[Event "HUN-ch Rapid"]
[Site "Ajka"]
[Date "2023.07.23"]
[Round "13"]
[White "Banusz, Tamas"]
[Black "Dudin, Gleb"]
[Result "1-0"]
[WhiteElo "2600"]
[BlackElo "2498"]
[PlyCount "121"]
[EventDate "2023.07.21"]
[EventType "swiss (rapid)"]
[EventRounds "13"]
[EventCountry "HUN"]
[SourceTitle "CBM 215 Extra"]
[Source "ChessBase"]
[SourceDate "2023.09.30"]
[SourceVersion "1"]
[SourceVersionDate "2023.09.30"]
[SourceQuality "1"]

1. Nf3 d5 2. g3 Bg4 3. Bg2 c6 4. h3 Bh5 5. c4 e6 6. Qb3 Qb6 7. 0-0 Nd7 8. d3 Bd6 9. Qc2 Ne7 10. cxd5 cxd5 11. Be3 Qa6 12. g4 Bg6 13. Nc3 h5 14. g5 h4 15. Qb3 Nf5 16. Bd2 Qb6 17. Qxb6 Nxb6 18. Nb5 Bb8 19. Rac1 Kd7 20. e4 Ne7 21. Bc3 a6 22. Na3 Bf4 23. Ne5+ Ke8 24. Nxg6 Nxg6 25. Rce1 Kf8 26. Bd4 Na4 27. exd5 e5 28. Bc3 Nxc3 29. bxc3 Bd2 30. Rb1 Bxc3 31. Rxb7 Nf4 32. Nc4 Rh5 33. Bf3 Rxg5+ 34. Kh2 Rd8 35. d6 Bd4 36. Rfb1 Ne6 37. Rb8 e4 38. Bxe4 Rb5 39. R8xb5 axb5 40. Rxb5 Bxf2 41. a4 Bg3+ 42. Kh1 Bxd6 43. a5 Bc5 44. a6 g6 45. Ne5 Rd6 46. Nc6 Be3 47. Rb8+ Kg7 48. Rb7 Ng5 49. a7 Bxa7 50. Nxa7 Nxh3 51. Nb5 Nf2+ 52. Kg2 Nxe4 53. dxe4 Rd3 54. e5 Re3 55. Nd6 Rxe5 56. Nxf7 Re3 57. Ne5+ Kg8 58. Nf7 g5 59. Kh2 Rg3 60. Nh6+ Kf8 61. Rb8+ 1-0

[Event "HUN-ch Rapid"]
[Site "Ajka"]
[Date "2023.07.23"]
[Round "12"]
[White "Korpa, Bence"]
[Black "Banusz, Tamas"]
[Result "1/2-1/2"]
[WhiteElo "2522"]
[BlackElo "2600"]
[PlyCount "129"]
[EventDate "2023.07.21"]
[EventType "swiss (rapid)"]
[EventRounds "13"]
[EventCountry "HUN"]
[SourceTitle "CBM 215 Extra"]
[Source "ChessBase"]
[SourceDate "2023.09.30"]
[SourceVersion "1"]
[SourceVersionDate "2023.09.30"]
[SourceQuality "1"]

1. Nf3 d5 2. g3 Bg4 3. Bg2 c6 4. b3 Nf6 5. Bb2 e6 6. 0-0 Nbd7 7. h3 Bxf3 8. exf3 g6 9. d4 Bg7 10. Nd2 0-0 11. f4 a5 12. a4 Ne8 13. Nf3 Nd6 14. Ba3 Qc7 15. Ne5 Rfd8 16. Qe2 Nf5 17. Rad1 Rab8 18. Rfe1 Re8 19. g4 Nd6 20. c4 Nf6 21. c5 Nc8 22. b4 axb4 23. Bxb4 Ra8 24. a5 Na7 25. Qe3 Nb5 26. Bf1 Na7 27. Bd3 Nd7 28. Qg3 Nf8 29. Re2 Bh6 30. Bd2 Bg7 31. h4 f6 32. Nf3 Nc8 33. h5 Qf7 34. hxg6 hxg6 35. Rb1 Ra7 36. Bc3 Qd7 37. Kg2 Ne7 38. Nh4 Kf7 39. f5 g5 40. Nf3 exf5 41. gxf5 Nxf5 42. Bxf5 Qxf5 43. Rxe8 Kxe8 44. Qb8+ Kf7 45. Qxa7 Qxb1 46. a6 Nd7 47. Qxb7 g4 48. Nh4 Ke6 49. f3 Qxb7 50. axb7 gxf3+ 51. Nxf3 Kf5 52. Be1 Ke4 53. Bg3 Bh6 54. b8Q Nxb8 55. Bxb8 Be3 56. Kg3 Bxd4 57. Nxd4 Kxd4 58. Bd6 Ke3 59. Kg4 d4 60. Kf5 d3 61. Bf4+ Kd4 62. Kxf6 Kxc5 63. Ke5 Kc4 64. Bd2 Kb3 65. Kd4 1/2-1/2

[Event "HUN-ch Rapid"]
[Site "Ajka"]
[Date "2023.07.22"]
[Round "8"]
[White "Balog, Imre1111"]
[Black "Banusz, Tamas"]
[Result "1/2-1/2"]
[WhiteElo "2622"]
[BlackElo "2600"]
[PlyCount "286"]
[EventDate "2023.07.21"]
[EventType "swiss (rapid)"]
[EventRounds "13"]
[EventCountry "HUN"]
[SourceTitle "CBM 215 Extra"]
[Source "ChessBase"]
[SourceDate "2023.09.30"]
[SourceVersion "1"]
[SourceVersionDate "2023.09.30"]
[SourceQuality "1"]

1. d4 d5 2. Nf3 Nf6 3. c4 e6 4. Nc3 a6 5. b3 Nbd7 6. e3 b6 7. Bd3 Bb7 8. 0-0 Bd6 9. Qe2 Ne4 10. Bb2 0-0 11. Nd2 Nxd2 12. Qxd2 dxc4 13. bxc4 Bxh2+ 14. Kxh2 Qh4+ 15. Kg1 Bxg2 16. f3 Bxf1 17. Rxf1 Qg5+ 18. Kf2 Qh4+ 19. Ke2 e5 20. Qe1 Qxe1+ 21. Kxe1 exd4 22. exd4 f5 23. Nd5 Rae8+ 24. Kd2 c6 25. Nc7 Re7 26. Nxa6 Ra8 27. Nb4 c5 28. Nd5 Rf7 29. Bxf5 Rxa2 30. Kc1 cxd4 31. Be6 Nc5 32. Bxf7+ Kxf7 33. Bxd4 Nb3+ 34. Kb1 Ra4 35. Rd1 Rxc4 36. Bxb6 Nc5 37. Bxc5 Rxc5 38. Kb2 g5 39. Nc3 h5 40. Ne4 Re5 41. Rd4 Kg7 42. Kc2 Rf5 43. Rd7+ Kg6 44. Rd6+ Kg7 45. Kd2 Rxf3 46. Nxg5 Rf6 47. Rd7+ Kg6 48. Ne4 Rf3 49. Ke2 Ra3 50. Nd2 Kg5 51. Kf2 Ra2 52. Rd3 Kg4 53. Rd4+ Kg5 54. Rd8 Kf4 55. Rd4+ Kg5 56. Kg3 h4+ 57. Kh2 Kh5 58. Rd5+ Kg4 59. Rd3 Rc2 60. Rd4+ Kg5 61. Rd8 Kg4 62. Kg2 Ra2 63. Rd4+ Kg5 64. Rd6 Kg4 65. Rd3 Rc2 66. Rd8 Ra2 67. Kf2 h3 68. Rd4+ Kf5 69. Kg3 h2 70. Kxh2 Ke5 71. Rd3 Kf4 72. Kg2 Ke5 73. Kf3 Ra4 74. Ke3 Rg4 75. Ra3 Rg3+ 76. Nf3+ Kd5 77. Rd3+ Kc4 78. Rd1 Rg8 79. Ne5+ Kc5 80. Ke4 Rg2 81. Rc1+ Kd6 82. Rc6+ Ke7 83. Nd3 Re2+ 84. Kf5 Kd7 85. Rc1 Rh2 86. Nf4 Kd6 87. Rd1+ Kc5 88. Ke5 Kc6 89. Rd6+ Kc5 90. Rd4 Kc6 91. Rd3 Rh1 92. Rc3+ Kd7 93. Nd5 Re1+ 94. Ne3 Rh1 95. Ng2 Rh5+ 96. Ke4 Rh1 97. Ra3 Kd6 98. Ne3 Rh4+ 99. Kd3 Rh1 100. Ra7 Rh3 101. Rg7 Rh1 102. Kd4 Rh4+ 103. Ng4 Ke6 104. Rg5 Rh1 105. Nf2 Rf1 106. Ne4 Rd1+ 107. Ke3 Re1+ 108. Kf3 Rf1+ 109. Ke2 Ra1 110. Rb5 Rh1 111. Ng5+ Kd6 112. Nf3 Ra1 113. Ke3 Ra3+ 114. Ke4 Ra1 115. Rd5+ Ke7 116. Ke5 Rf1 117. Ng5 Re1+ 118. Ne4 Rh1 119. Rd2 Rh5+ 120. Kf4 Rh1 121. Ng3 Ra1 122. Nf5+ Kf6 123. Rd6+ Kf7 124. Rb6 Rf1+ 125. Ke4 Re1+ 126. Ne3 Ke7 127. Rb3 Ke6 128. Kd4 Ra1 129. Rb6+ Kd7 130. Rh6 Re1 131. Nf5 Rd1+ 132. Kc5 Rc1+ 133. Kd5 Rd1+ 134. Nd4 Ke7 135. Rh2 Ra1 136. Rh6 Ra5+ 137. Ke4 Ra4 138. Rb6 Ra1 139. Nf3 Ra4+ 140. Kf5 Ra1 141. Re6+ Kd7 142. Ne5+ Kc7 143. Rc6+ Kb7 1/2-1/2

[Event "FRA-chT Top 16 Gp Basse"]
[Site "Chartres"]
[Date "2023.06.08"]
[Round "1.4"]
[White "Banusz, Tamas"]
[Black "Fedoseev, Vladimir1111"]
[Result "0-1"]
[WhiteElo "2614"]
[BlackElo "2676"]
[PlyCount "92"]
[EventDate "2023.06.08"]
[EventType "team-tourn"]
[EventRounds "4"]
[EventCountry "FRA"]
[SourceTitle "CBM 214 Extra"]
[Source "ChessBase"]
[SourceDate "2023.07.31"]
[SourceVersion "1"]
[SourceVersionDate "2023.07.31"]
[SourceQuality "1"]
[WhiteTeam "Marseille"]
[BlackTeam "Cappelle la Grande"]
[WhiteTeamCountry "FRA"]
[BlackTeamCountry "FRA"]

1. Nf3 d5 2. g3 Bf5 3. Bg2 c6 4. 0-0 e6 5. d3 Bg6 6. c4 Bd6 7. Qb3 Qb6 8. Be3 Qxb3 9. axb3 Na6 10. cxd5 exd5 11. Bd4 f6 12. Nh4 Ne7 13. Nxg6 hxg6 14. e4 Bc5 15. Bc3 Rd8 16. Na3 Kf7 17. Rfe1 Nc7 18. b4 Bb6 19. Re2 g5 20. Rae1 g4 21. d4 Rh5 22. exd5 Nexd5 23. Nc4 Rd7 24. f3 gxf3 25. Bxf3 Rh8 26. Kg2 Rhd8 27. h4 Nb5 28. Bh5+ g6 29. Bg4 Re7 30. Rxe7+ Nxe7 31. Be6+ Kf8 32. Nxb6 axb6 33. Bc4 Nxd4 34. Rd1 Nef5 35. Kf2 c5 36. Bd3 Ne7 37. Be4 Rd7 38. g4 f5 39. gxf5 gxf5 40. Bf3 Ng6 41. bxc5 bxc5 42. Bxd4 cxd4 43. h5 Ne5 44. h6 Kg8 45. Bg2 Kh7 46. Bh3 Kxh6 0-1

[Event "Reykjavik op"]
[Site "Reykjavik"]
[Date "2023.04.01"]
[Round "6"]
[White "Banusz, Tamas"]
[Black "Kusa, Jakub"]
[Result "1-0"]
[WhiteElo "2616"]
[BlackElo "2373"]
[PlyCount "135"]
[EventDate "2023.03.29"]
[EventType "swiss"]
[EventRounds "9"]
[EventCountry "ISL"]
[SourceTitle "CBM 213 Extra"]
[Source "ChessBase"]
[SourceDate "2023.05.31"]
[SourceVersion "1"]
[SourceVersionDate "2023.05.31"]
[SourceQuality "1"]

1. Nf3 d5 2. g3 e6 3. Bg2 c5 4. 0-0 Nf6 5. d4 cxd4 6. Nxd4 e5 7. Nb3 Be6 8. Nc3 Be7 9. f4 exf4 10. gxf4 g6 11. Kh1 Nc6 12. Be3 0-0 13. Nd4 Nxd4 14. Bxd4 Qd7 15. Qe1 Ne4 16. Rd1 f5 17. Nxe4 fxe4 18. Qg3 Qc6 19. Rd2 Bf6 20. Bxf6 Rxf6 21. c3 Raf8 22. e3 b5 23. Rg1 Rf5 24. Bf1 a6 25. a3 Kh8 26. h4 Qd7 27. Rh2 Qe7 28. Qe1 Rg8 29. Qd2 Rgf8 30. Be2 Qc5 31. Bg4 R5f6 32. Bxe6 Rxe6 33. h5 Rff6 34. Rg5 Qc4 35. Kg1 Rf5 36. Rhg2 Ref6 37. Rxf5 gxf5 38. Qe1 Qc7 39. Qd1 Qc5 40. Kf2 h6 41. b4 Qc4 42. Qg1 Qa2+ 43. Kg3 Qc4 44. Kh2 Qc8 45. Qa1 Qc4 46. a4 bxa4 47. Qxa4 Qb5 48. Qa1 Qe8 49. Qd1 Kh7 50. Rd2 Rd6 51. Rd4 Rd7 52. c4 Qe7 53. Kh3 Qxb4 54. Rxd5 Rg7 55. Qc1 Qb3 56. Rd1 Qb7 57. Rg1 Rxg1 58. Qxg1 Qf7 59. Qd1 Qxc4 60. Qd7+ Kh8 61. Qe8+ Qg8 62. Qe5+ Qg7 63. Qxf5 Qe7 64. Qc8+ Kg7 65. Qxa6 Qd7+ 66. Kg3 Qf5 67. Qa1+ Kf7 68. Qe5 1-0

[Event "AUT-chT 2223"]
[Site "Austria"]
[Date "2023.03.25"]
[Round "7.5"]
[White "Banusz, Tamas"]
[Black "Markus, Robert"]
[Result "1/2-1/2"]
[WhiteElo "2609"]
[BlackElo "2608"]
[PlyCount "45"]
[EventDate "2022.11.03"]
[EventType "team-tourn"]
[EventRounds "11"]
[EventCountry "AUT"]
[SourceTitle "CBM 213 Extra"]
[Source "ChessBase"]
[SourceDate "2023.05.31"]
[SourceVersion "1"]
[SourceVersionDate "2023.05.31"]
[SourceQuality "1"]
[WhiteTeam "Ottakring"]
[BlackTeam "Fuerstenfeld/Hartberg"]
[WhiteTeamCountry "AUT"]
[BlackTeamCountry "AUT"]

1. d4 Nf6 2. c4 e6 3. Nc3 Bb4 4. e3 0-0 5. Bd2 b6 6. Nf3 c5 7. Bd3 cxd4 8. exd4 Bb7 9. 0-0 d5 10. cxd5 Nxd5 11. Qe2 Nc6 12. Rad1 Be7 13. Rfe1 Nf6 14. Bc1 Nb4 15. Bb1 Nbd5 16. Ne5 Rc8 17. Qd3 g6 18. Bh6 Re8 19. Qh3 Bf8 20. Bg5 Be7 21. Bh6 Bf8 22. Bg5 Be7 23. Bh6 1/2-1/2

[Event "HUN-chT 2223"]
[Site "Hungary"]
[Date "2023.02.19"]
[Round "6.1"]
[White "Banusz, Tamas"]
[Black "Mihok, Oliver"]
[Result "1-0"]
[WhiteElo "2609"]
[BlackElo "2546"]
[PlyCount "91"]
[EventDate "2022.11.20"]
[EventType "team-tourn"]
[EventRounds "9"]
[EventCountry "HUN"]
[SourceTitle "CBM 213 Extra"]
[Source "ChessBase"]
[SourceDate "2023.05.31"]
[SourceVersion "1"]
[SourceVersionDate "2023.05.31"]
[SourceQuality "1"]
[WhiteTeam "Ajka Sentimento"]
[BlackTeam "Mako Duocor"]
[WhiteTeamCountry "HUN"]
[BlackTeamCountry "HUN"]

1. d4 Nf6 2. Nf3 g6 3. g3 Bg7 4. Bg2 0-0 5. c4 d6 6. Nc3 Nc6 7. 0-0 e5 8. dxe5 dxe5 9. Be3 Be6 10. Qa4 Qc8 11. Rad1 Nd7 12. Nd5 Nb6 13. Qc2 Kh8 14. Bc5 Re8 15. Ng5 Nd4 16. Bxd4 exd4 17. Nxe6 Rxe6 18. Nf4 Re8 19. c5 Nd7 20. c6 bxc6 21. Bxc6 Rb8 22. e3 Rd8 23. exd4 Nf8 24. Rfe1 Ne6 25. Nxe6 fxe6 26. Re4 Rb4 27. Qc3 Qb8 28. b3 Rd6 29. Ba4 e5 30. Rc1 Rbxd4 31. Rxd4 exd4 32. Qxc7 Qxc7 33. Rxc7 Bh6 34. Rxa7 d3 35. Rd7 Bf8 36. Rxd6 Bxd6 37. Bb5 d2 38. Be2 g5 39. Kg2 Kg7 40. Kf3 Bc5 41. Ke4 Bxf2 42. Kd5 Kg6 43. g4 Kf6 44. a4 Ke7 45. Kc6 Be1 46. Bd1 1-0

[Event "HUN-chT 2223"]
[Site "Hungary"]
[Date "2023.02.12"]
[Round "5.2"]
[White "Banusz, Tamas"]
[Black "Paschall, William M"]
[Result "1-0"]
[WhiteElo "2609"]
[BlackElo "2343"]
[PlyCount "95"]
[EventDate "2022.11.20"]
[EventType "team-tourn"]
[EventRounds "9"]
[EventCountry "HUN"]
[SourceTitle "CBM 213 Extra"]
[Source "ChessBase"]
[SourceDate "2023.05.31"]
[SourceVersion "1"]
[SourceVersionDate "2023.05.31"]
[SourceQuality "1"]
[WhiteTeam "Ajka Sentimento"]
[BlackTeam "Hetenyi Geza"]
[WhiteTeamCountry "HUN"]
[BlackTeamCountry "HUN"]

1. d4 Nf6 2. Nf3 b6 3. g3 Bb7 4. Bg2 g6 5. c4 Bg7 6. 0-0 0-0 7. d5 c6 8. Nc3 cxd5 9. cxd5 b5 10. Qb3 Qa5 11. Ne5 Na6 12. Rd1 Rab8 13. Be3 Nc7 14. a3 d6 15. Nd3 e6 16. dxe6 Nxe6 17. Bxb7 Rxb7 18. Nf4 Nxf4 19. Bxf4 d5 20. Nxd5 Re8 21. Nxf6+ Bxf6 22. Qf3 Rbe7 23. Bd6 Re6 24. Bb4 Qb6 25. Rd7 a5 26. Bc3 Qc6 27. Qxc6 Rxc6 28. Bxf6 Rxf6 29. e3 Rc8 30. Rad1 Rc2 31. R1d2 Rfc6 32. Kf1 b4 33. axb4 axb4 34. Ke2 b3 35. e4 Re6 36. Rxc2 Rxe4+ 37. Kd2 bxc2 38. Kxc2 Kg7 39. Kc3 Kf6 40. b4 Re1 41. h4 Rc1+ 42. Kb2 Rc4 43. Kb3 Rc1 44. Rd2 Ke5 45. b5 Rc8 46. Kb4 f6 47. b6 g5 48. Rd3 1-0